=LDR 00000nam 2200000 4500 =001 INLIS000000000035539 =005 20130612141405 =008 ***********************************ind** =035 ##$$0010-061300000035539 =041 ##$$a ind =082 ##$$a 634.980 5 =090 ##$$a 634.980 5, Bul b =245 ##$$a Bulletin hasil hutan (14) no.2 Oktober 2008 =260 ##$$a 2008 $b Bogor =300 ##$$a viii,119 hlm., ILus., 24 cm =650 ##$$a Hutan - Kehutanan - Majalah =850 ##$$a NBPNMAT